Buenas noches, y buena suerte
Ambientada en 1953, narra el enfrentamiento real que, en defensa del periodismo independiente, mantuvieron el famoso periodista y presentador de la CBS Edward R. Murrow (David Strathairn) y su productor Fred Friendly (George Clooney) contra el poderoso senador anticomunista Joseph McCarthy, hecho qu...
Guardado en:
| Autor Principal: | |
|---|---|
| Autor Corporativo: | |
| Otros Autores: | , , |
| Formato: | |
| Idioma: | Undetermined |
| Publicado: |
Estados Unidos :
Warner Independent Pictures,
2005.
|
| Materias: | |
| Etiquetas: |
Agregar Etiqueta
Sin Etiquetas, Sea el primero en etiquetar este registro!
|
| LEADER | 01269ngm a22002415a 4500 | ||
|---|---|---|---|
| 001 | CEM.cems020601 | ||
| 008 | 231102s2005####xx#---############vlund#d | ||
| 005 | 20231102212158.0 | ||
| 245 | 1 | 0 | |a Buenas noches, y buena suerte |h [videograbación] / |c George Clooney. |
| 260 | |a Estados Unidos : |b Warner Independent Pictures, |c 2005. | ||
| 300 | |a 93'. | ||
| 520 | |a Ambientada en 1953, narra el enfrentamiento real que, en defensa del periodismo independiente, mantuvieron el famoso periodista y presentador de la CBS Edward R. Murrow (David Strathairn) y su productor Fred Friendly (George Clooney) contra el poderoso senador anticomunista Joseph McCarthy, hecho que determinó el final de la "caza de brujas". | ||
| 538 | |a Soporte: DVD -- Formato: AVI Peso: 545mb -- Resolución: 512 x 224 -- 25 fps | ||
| 500 | |a Título original: Good Night, and Good Luck. Idioma: Inglés Subtítulos: Español. | ||
| 590 | |a Identificación anterior: 261 | ||
| 100 | 1 | |a Clooney, George. | |
| 700 | 1 | |a Strathairn, David; Reparto. | |
| 700 | 1 | |a Downey Jr, Robert; Reparto. | |
| 700 | 1 | |a Clarkson, Patricia; Reparto. | |
| 710 | 2 | |a 2929 Entertainment. | |
| 653 | |a LARGOMETRAJE | ||
| 653 | |a FICCIÓN | ||
| 859 | |a CEMS |b BIB. CEMS - Depto. Recursos Didacticos |h 778.5 |i CLO |k DRD |p 3204.23 |t Ej.1 | ||
